Central Library OPAC University of Rajshahi

Ramanujan, the man and the mathematician / (Record no. 68816)

MARC details
000 -LEADER
fixed length control field 00856nam a2200265 a 4500
001 - CONTROL NUMBER
control field 68816
003 - CONTROL NUMBER IDENTIFIER
rucl marc code BD-RjUL
005 - DATE AND TIME OF LATEST TRANSACTION
control field 20211209081819.0
008 - FIXED-LENGTH DATA ELEMENTS--GENERAL INFORMATION
fixed length control field 710915s1967 ii ach 001 0beng
035 ## - SYSTEM CONTROL NUMBER
System control number (BD-RjUL)69027
040 ## - CATALOGING SOURCE
Original cataloging agency LC
Language of cataloging eng
Transcribing agency LC
Modifying agency LC
-- BD-RjUL
041 ## - LANGUAGE CODE
Language code of text/sound track or separate title eng
082 04 - DEWEY DECIMAL CLASSIFICATION NUMBER
Edition number 23
Classification number 510.0924
Author mark and year RAR 1967
100 1# - MAIN ENTRY--PERSONAL NAME
Personal name Ranganathan, S. R.
Fuller form of name (Shiyali Ramamrita),
Dates associated with a name 1892-1972.
9 (RLIN) 203935
245 10 - TITLE STATEMENT
Title Ramanujan, the man and the mathematician /
Statement of responsibility, etc. S. R. Ranganathan.
250 ## - EDITION STATEMENT
Edition statement [1st ed.]
260 ## - PUBLICATION, DISTRIBUTION, ETC. (IMPRINT)
Place of publication, distribution, etc. Bombay ;
-- New York :
Name of publisher, distributor, etc. Asia Pub. House,
Date of publication, distribution, etc. 1967
300 ## - PHYSICAL DESCRIPTION
Pagination 138 p. :
Illustrations ill. ;
Size 23 cm.
490 0# - SERIES STATEMENT
Series statement Great thinkers of India series, 1
500 ## - GENERAL NOTE
General note Includes index
600 10 - SUBJECT ADDED ENTRY--PERSONAL NAME
Personal name Ramanujan Aiyangar, Srinivasa,
Dates associated with a name 1887-1920.
650 ## - SUBJECT ADDED ENTRY--TOPICAL TERM
Topical term or geographic name as entry element Mathematics
9 (RLIN) 203937
830 ## - SERIES ADDED ENTRY--UNIFORM TITLE
Uniform title Great thinkers of India series, 1
942 ## - ADDED ENTRY ELEMENTS (KOHA)
Source of classification or shelving scheme Dewey Decimal Classification
Koha item type Books
Holdings
Lost status Source of classification or shelving scheme Damaged status Not for loan Collection code Permanent Location Current Location Shelving location Date acquired Source of acquisition Cost, normal purchase price Total Checkouts Full call number Date last seen Copy number Koha item type
  Dewey Decimal Classification   Not For Loan Non-fiction Central Library, University of Rajshahi Central Library, University of Rajshahi Reading Room 24/06/1974 India Govt. 0.00   510.0924 RAR 1967 06/04/2017 C-1 Books